000 00564nam a2200241Ia 4500
003 OSt
005 20220918174454.0
006 a|||||r|||| 00| 0
007 ta
008 220917b |||||||| |||| 00| 0 eng d
024 _a12,315
037 _cTextual
040 _aARTS
_cARTS
_beng
041 _2eng
_aeng
082 _aMY246, M2
100 _aHoare Syd
_950592
245 0 _aSelf defense
260 _c1982
300 _a175p.
_ccm.
650 _aINDUSTRIAL ARTS
942 _hMY246, M2
_cTEXL
_2CC
999 _c153306
_d153306